[Event "Pedavena op 1st"]
[Site "Pedavena"]
[Date "2005.08.05"]
[Round "5"]
[White "Drezzadore, Dario"]
[Black "Celotto, Carlo"]
[Result "1-0"]
[WhiteElo "2019"]
[BlackElo "1840"]
[PlyCount "35"]
[EventDate "2005.08.03"]
[EventType "swiss"]
[EventRounds "6"]
[EventCountry "ITA"]
[SourceTitle "EXT 2007"]
[Source "ChessBase"]
[SourceDate "2006.11.23"]
[SourceVersion "1"]
[SourceVersionDate "2006.11.23"]
[SourceQuality "1"]

1. e4 c5 2. d4 cxd4 3. c3 dxc3 4. Nxc3 e6 5. Nf3 Bb4 6. Qd4 Bxc3+ 7. Qxc3 f6 8. Bf4 Nc6 9. 0-0-0 Qa5 10. Qb3 Qb4 11. Qc2 Qa5 12. a3 a6 13. Bd3 b5 14. e5 Nge7 15. exf6 gxf6 16. Bd2 Qb6 17. Rhe1 Bb7 18. b4 1-0

[Event "Pedavena op 1st"]
[Site "Pedavena"]
[Date "2005.08.04"]
[Round "3"]
[White "Celotto, Carlo"]
[Black "Zarpellon, Daniele"]
[Result "1/2-1/2"]
[WhiteElo "1840"]
[BlackElo "2015"]
[PlyCount "32"]
[EventDate "2005.08.03"]
[EventType "swiss"]
[EventRounds "6"]
[EventCountry "ITA"]
[SourceTitle "EXT 2007"]
[Source "ChessBase"]
[SourceDate "2006.11.23"]
[SourceVersion "1"]
[SourceVersionDate "2006.11.23"]
[SourceQuality "1"]

1. d4 d5 2. e4 dxe4 3. Nc3 Nf6 4. f3 e3 5. Bxe3 c6 6. Bd3 e6 7. a3 Be7 8. Qd2 0-0 9. Nh3 Nd5 10. Nxd5 exd5 11. 0-0-0 Be6 12. Ng5 Bxg5 13. Bxg5 f6 14. Bf4 Qd7 15. g4 Na6 16. Rde1 Rae8 1/2-1/2

[Event "Pedavena op 1st"]
[Site "Pedavena"]
[Date "2005.08.04"]
[Round "2"]
[White "Pomaro, Alberto"]
[Black "Celotto, Carlo"]
[Result "0-1"]
[WhiteElo "1943"]
[BlackElo "1840"]
[PlyCount "112"]
[EventDate "2005.08.03"]
[EventType "swiss"]
[EventRounds "6"]
[EventCountry "ITA"]
[SourceTitle "EXT 2007"]
[Source "ChessBase"]
[SourceDate "2006.11.23"]
[SourceVersion "1"]
[SourceVersionDate "2006.11.23"]
[SourceQuality "1"]

1. d4 f5 2. c4 Nf6 3. Nc3 g6 4. g3 Bg7 5. Bg2 0-0 6. Nf3 d6 7. 0-0 Nbd7 8. Qb3 c6 9. Ng5 Nb8 10. d5 h6 11. Nh3 e5 12. c5 Kh8 13. Rd1 cxd5 14. Nxd5 Nc6 15. cxd6 Nd4 16. Rxd4 exd4 17. Nc7 Rb8 18. Nf4 g5 19. Ng6+ Kh7 20. Nxf8+ Qxf8 21. Na6 Ra8 22. Bxb7 Bxb7 23. Qxb7 Rd8 24. Qe7 Ne4 25. Nb4 Rxd6 26. Qxf8 Bxf8 27. Nd3 Rc6 28. f3 Rc2 29. fxe4 fxe4 30. Nf2 Rxe2 31. a3 Bc5 32. b4 Bb6 33. Kf1 d3 34. Ng4 h5 35. Nf6+ Kg6 36. Nd5 Bd4 37. Rb1 Rxh2 38. b5 d2 39. Bxd2 Rxd2 40. a4 Kf5 41. a5 h4 42. gxh4 gxh4 43. b6 h3 44. Rb3 axb6 45. axb6 h2 46. Rh3 Rf2+ 47. Ke1 Rg2 48. Kf1 Rf2+ 49. Ke1 Rb2 50. Kf1 Kg4 51. Rh6 Kg3 52. Ne7 Bxb6 53. Nf5+ Kf4 54. Nd6 Rf2+ 55. Ke1 Rg2 56. Rh4+ Kg5 0-1